Identifikácia rezerv vo využívaní fixných aktív vo verejnom sektore diplomová práca
Enregistré dans:
| Auteur principal: | |
|---|---|
| Collectivité auteur: | |
| Autres auteurs: | |
| Format: | Livre |
| Langue: | slovaque |
| Publié: |
Bratislava
2024
|
| Tags: |
Pas de tags, Soyez le premier à ajouter un tag!
|
MARC
| LEADER | 00000nbm a2200000 4500 | ||
|---|---|---|---|
| 001 | 0300647 | ||
| 005 | 20241111132309.8 | ||
| 041 | 0 | |a slo | |
| 044 | |a SK | ||
| 245 | 1 | 0 | |a Identifikácia rezerv vo využívaní fixných aktív vo verejnom sektore |b diplomová práca |c Róbert Palša ; školiteľ: Karol Morvay |
| 264 | 1 | |a Bratislava |c 2024 | |
| 300 | |a 50 s. | ||
| 100 | 1 | |a Palša, Róbert | |
| 700 | 1 | |a Morvay, Karol, 1973- | |
| 710 | 2 | |a Národohospodárska fakulta EU. Katedra hospodárskej politiky | |